|
|
|
|
| LEADER |
00917nab a2200253 i 4500 |
| 001 |
publ10162 |
| 005 |
20190508163623.0 |
| 008 |
170104s2015 hu o 0|| zxx d |
| 022 |
|
|
|a 0016-237X
|
| 024 |
7 |
|
|a 2990785
|2 mtmt
|
| 040 |
|
|
|a SZTE Publicatio Repozitórium
|b hun
|
| 041 |
|
|
|a zxx
|
| 100 |
1 |
|
|a Jarabin János András
|
| 245 |
1 |
2 |
|a A Baha DermaLock implantátum rendszerrel elért audiológiai eredményeink
|h [elektronikus dokumentum] /
|c Jarabin János András
|
| 260 |
|
|
|c 2015
|
| 300 |
|
|
|a 131-135
|
| 490 |
0 |
|
|a FÜL-ORR-GÉGEGYÓGYÁSZAT
|v 61 No. 4
|
| 700 |
0 |
1 |
|a Bere Zsófia
|e aut
|
| 700 |
0 |
1 |
|a Tóth Ferenc
|e aut
|
| 700 |
0 |
1 |
|a Perényi Ádám
|e aut
|
| 700 |
0 |
1 |
|a Jóri József
|e aut
|
| 700 |
0 |
1 |
|a Kiss József Géza
|e aut
|
| 700 |
0 |
1 |
|a Rovó László
|e aut
|
| 856 |
4 |
0 |
|u http://publicatio.bibl.u-szeged.hu/10162/1/A_Baha_DermaLock_implantatum_rendszerrel_el__ert_audiologiai_eredmenyeink_u.pdf
|z Dokumentum-elérés
|